Discurso pronunciado por el Sr. Subsecretario de Instrucción Pública Lic. Don Justo Sierra con motivo de la inauguración de la Academia de Profesores el 10 de septiembre de 1904 / Justo Sierra

Detalles Bibliográficos
Autor principal: Sierra, Justo, 1848-1912
Formato: Libro
Lenguaje:Undetermined
Spanish
Publicado: México 1904
Edición:Edición de la enseñanza normal
Materias:
Colección:Banco de datos
Acervo:Biblioteca Fenando Tola de Habich. Colección bibliográfica
Descripción Física:17 p. il. 20.5 cm
Tema general:Discurso México Educación
Notas:Ex libris en estampa de Fernando Tola de Habich en la guarda
LEADER 00803nam a2200181Ia 4500
008 150723s9999 xx 000 0 und d
041 0 |a spa 
100 1 |a Sierra, Justo, 1848-1912 
245 1 0 |a Discurso pronunciado por el Sr. Subsecretario de Instrucción Pública Lic. Don Justo Sierra con motivo de la inauguración de la Academia de Profesores el 10 de septiembre de 1904 / Justo Sierra 
250 |a Edición de la enseñanza normal 
260 |a México  |b Imprenta Universal de Smith, San Juan de Letrán número 4  |c 1904 
300 |a 17 p.  |b il.  |c 20.5 cm 
500 |a Ex libris en estampa de Fernando Tola de Habich en la guarda 
650 1 0 |a Discurso México Educación 
852 |a 1280 
942 |c TOLALIB 
943 |g Biblioteca Fenando Tola de Habich. Colección bibliográfica 
999 |c 990628  |d 990628